000 00781nam a2200181Ia 4500
008 100920s9999 xx 000 0 und d
082 _b44030
_a28 व 491 थ 0
100 _aकाळे विमल.
245 _aसंमेलन जवळं आलं ! ( सात नाटिका ).
260 _bजोशी ब्रदर्स, बुकसेलर्स ऍन्ड पब्लिशर्स, पुणें 2.
_c0
300 _a59
_bसाधी
365 _b2.5
520 _aबा.वि.नाटक.
630 _aसंमेलन जवळं आलं ! ( सात नाटिका ).
650 _aबा.वि.नाटक.
730 _aसंमेलन जवळं आलं ! ( सात नाटिका ).
942 _cBOOK
999 _c693145
_d693142